Sushi : a light and right diet

Bibliographic Details
Main Author: Kishi, hAsako
Format: Book
Published: Tokyo : Japan Publication , 1986
Subjects:

MARC

LEADER 00000cam a2200000 7i4500
001 0000005728
002 000006192
005 .0
020 |a 0870405764 
090 0 0 |a 641.59956 
100 1 |a Kishi, hAsako 
245 1 0 |a Sushi :   |b a light and right diet   |c Asakko Kishi 
260 |a Tokyo :   |b Japan Publication ,   |c 1986 
300 |a 135p. :   |b ill ;   |c 25cm. 
650 0 0 |a Sushi 
999 |a 031465   |b BUKU   |c PINJAMAN   |e PERPUSTAKAAN KOMUNITI PETALING JAYA 
999 |a 031466   |b BUKU   |c PINJAMAN   |e PERPUSTAKAAN KOMUNITI PETALING JAYA